LEADER 01409nam a2200313 a 4500 001 000000119502 003 CaOOAMICUS 005 20100125152100.0 008 100125t2010 it aboe u000 u ita r 040 $aPUL$bita$dReb 041 1 $aita$heng 100 1 $aFields, Nic.$0(OLS)http://pul/name/74681 240 10$aRoman army of the punic wars : 264-146 B.C.$lItaliano.$0(OLS)http://pul/title/150359 245 10$aRoma contro Cartagine /$cNic Fields. 260 $aMilano :$bRBA Italia,$cİ2010. 300 $a96 p. :$bill., c. geogr., foto ;$c25 cm. 490 1 $aRoma e Grecia$aLe battaglie, gli eserciti, i grandi condottieri 490 1 $aRoma$aLe guerre puniche I 500 $aPubblicazione periodica settimanale. 504 $aInclude bibliografia ed indice. 650 4$aGuerre puniche.$0(OLS)http://pul/subject/29852 651 4$aRoma$xOrganizzzazione militare.$0(OLS)http://pul/subject/33739 830 0$aRoma$pLe guerre puniche I.$0(OLS)http://pul/title/150361 830 0$aRoma e Grecia$pLe battaglie, gli eserciti, i grandi condottieri.$0(OLS)http://pul/title/150360 850 $aPUL 852 $aPUL$W1$xDP2 Filosofia 3$y112$m930 COLL 2.1$j137096$qDDC 21$q $B136165$CPULBib$Z2$F136165 $H112397 $81 941 1 $a9 996 $6245$aRoma contro Cartagine$9(OLS)http://pul/title/150358 996 $6260$aMilano :$bRBA Italia$9(OLS)http://pul/publisher/80118 LEADER 01294nam a2200253 u 4500 001 000000106670 003 CaOOAMICUS 005 20070904114817.0 008 070904s2005 it u100 u lat u 020 $a88-348-4630-3 040 $aPUL$bita$dLDB 111 2 $aConvegno internazionale ARISTEC$n(6 :$d2003 :$cPadova).$0(OLS)http://pul/name/65505 245 10$aArricchimento ingiustificato e ripetizione dell'indebito :$bVI Convegno Internazionale ARISTEC Padova-Verona-Padova, 25-26-27 settembre 2003 /$ca cura di Letizia Vacca. 260 $aTorino :$bGiappichelli,$cc2005. 300 $aviii, 310 p. ;$c24 cm 504 $aInclude bibliografia in nota. 650 14$aRicchezza$xEtica.$0(OLS)http://pul/subject/5963 700 1 $aVacca, Letizia.$0(OLS)http://pul/name/22748 850 $aPUL 852 $aPUL$W1$xSL Diritto e Scienze Sociali 3$y79$m346. 4029 VACLE 1$j120608$qDDC 21$B119853$CPULBib$Z2$F119853 $H101285 $82 941 1 $a9 996 $6020$a88-348-4630-3$9(OLS)http://pul/number/135424 996 $6245$aArricchimento ingiustificato e ripetizione dell'indebito :$bVI Convegno Internazionale ARISTEC Padova-Verona-Padova, 25-26-27 settembre 2003$9(OLS)http://pul/title/134293 996 $6260$aTorino :$bGiappichelli$9(OLS)http://pul/publisher/48244